000 00580nam a2200229Ia 4500
003 OSt
005 20221006152916.0
006 a|||||r|||| 00| 0
007 ta
008 221006b |||||||| |||| 00| 0 eng d
020 _cY5.65
024 _a30,091
037 _cTextual
040 _aEASL
_cEASL
_beng
041 _2eng
_aeng
100 _aWANG Hsaeh-Wen
_9662127
245 0 _aChinese communist education
_b The yenan period
260 _aRepublic
_bof Cina n
_c1975
300 _a236p.
_ccm.
942 _cTEXL
_2CC
999 _c1098177
_d1098177